| 000 | 00539nam a2200169 a 4500 | ||
|---|---|---|---|
| 001 | 000034414 | ||
| 005 | 20200930073703.0 | ||
| 008 | 111004s1968 sp ac 000 0 spa d | ||
| 040 |
_aDO-SdBNP _bspa _cBNPHU |
||
| 082 | _axxx | ||
| 100 | 1 |
_aThomas, Bob, _d1922- _959836 |
|
| 245 | 1 | 0 |
_aMaravillas de los dibujos animados / _cBob Thomas ; traductor Juan Blanco Catalá. |
| 260 |
_aEspaña : _bEdiciones Gaisa, _c1968. |
||
| 300 |
_a188 p : _bil, retrs. ; _c29 cm. |
||
| 700 | 1 |
_aCatalá, Juan Blanco, _etr. _959837 |
|
| 710 | 2 |
_aWalt Disney _959838 |
|
| 999 |
_c33905 _d33905 |
||